Slip and Radiation Effects for two-Dimensional Oblique Stagnation Point Flow Towards a Stretching Surface in a Viscoelastic Fluid (Record no. 527957)
[ view plain ]
| 000 -LEADER | |
|---|---|
| fixed length control field | 00449nam a22001217a 4500 |
| 082 ## - DEWEY DECIMAL CLASSIFICATION NUMBER | |
| Classification number | 510 |
| 245 ## - TITLE STATEMENT | |
| Title | Slip and Radiation Effects for two-Dimensional Oblique Stagnation Point Flow Towards a Stretching Surface in a Viscoelastic Fluid |
| Statement of responsibility, etc. | Muhammad Noveel Sadiq. |
| 260 ## - PUBLICATION, DISTRIBUTION, ETC. | |
| Name of publisher, distributor, etc. | SNS - NUST, |
| 650 ## - SUBJECT ADDED ENTRY--TOPICAL TERM | |
| Topical term or geographic name entry element | Mathematics - M. Phil Thesis. |
| 700 ## - ADDED ENTRY--PERSONAL NAME | |
| Personal name | Dr. Muhammad Sajid. |
| 942 ## - ADDED ENTRY ELEMENTS (KOHA) | |
| Source of classification or shelving scheme | |
| Koha item type | Thesis |
| 650 ## - SUBJECT ADDED ENTRY--TOPICAL TERM | |
| -- | 16594 |
| 700 ## - ADDED ENTRY--PERSONAL NAME | |
| -- | 16974 |
| Withdrawn status | Lost status | Source of classification or shelving scheme | Damaged status | Not for loan | Permanent Location | Current Location | Shelving location | Date acquired | Total Checkouts | Full call number | Barcode | Date last seen | Price effective from | Koha item type |
|---|---|---|---|---|---|---|---|---|---|---|---|---|---|---|
| Central Library (CL) | Central Library (CL) | Thesis | 08/23/2019 | 510 | CL-T-2215 | 08/23/2019 | 08/23/2019 | Thesis |
